000 00320nam a2200157Ia 4500
100 _aTan/Li
650 _aSignal Processing
942 _cBK
366 _f20
245 _aDigital signal processing
260 _bElsevier
_c2008
082 _a621.3822/TAN
_bTAN
300 _a816
546 _aENGLISH
999 _c24157
_d24157